000 00750nam a22002417a 4500
005 20170124110019.0
010 _aB-012217
020 _c100.00
035 _aB-012217
037 _bCen Lib/Ret
040 _aDPL
_bEN
082 _a612.82
_bDES
100 _aDeshpande, V.R.
_919277
245 _aIn search of mind /
_cby V.R.Deshpande [and] Sulbha Ghatate
260 _aMumbai
_bBharatiya Vidya Bhavan
_c1999
270 _aKulapati Munshi Marg
_bMumbai
_e400 007
300 _axiii,108p.
_c18cm(Hb)
500 _aIncludes bibliographical references and index
650 _aMind and morals.
_919278
650 _aIndividuality and personality
_987487
700 _aGhatate, Sulbha
_919279
942 _2ddc
_cEN
_h612.82
_mDES
999 _c127060
_d127060